The biggest Easter egg / (Record no. 2340)

MARC details
000 -LEADER
fixed length control field 01289cam a22003613a 4500
005 - DATE AND TIME OF LATEST TRANSACTION
control field 20240719090233.0
020 ## - INTERNATIONAL STANDARD BOOK NUMBER
International Standard Book Number 0439789540 (pbk.)
020 ## - INTERNATIONAL STANDARD BOOK NUMBER
International Standard Book Number 1415649189
020 ## - INTERNATIONAL STANDARD BOOK NUMBER
International Standard Book Number 9780439789547
040 ## - CATALOGING SOURCE
Original cataloging agency BKX
Transcribing agency BKX
Modifying agency BAKER
-- JP3
-- DLC
Language of cataloging eng
050 00 - LIBRARY OF CONGRESS CALL NUMBER
Classification number MLCM 2006/43435
082 04 - DEWEY DECIMAL CLASSIFICATION NUMBER
Classification number 533
Edition number 22
100 1# - MAIN ENTRY--PERSONAL NAME
Personal name Sander, Sonia
245 14 - TITLE STATEMENT
Title The biggest Easter egg /
Statement of responsibility, etc. by Sonia Sander ; illustrated by the Artifact Group.
250 ## - EDITION STATEMENT
Edition statement First printing, February 2006
260 ## - PUBLICATION, DISTRIBUTION, ETC.
Place of publication, distribution, etc. New York :
Name of publisher, distributor, etc. Scholastic,
Date of publication, distribution, etc. 2006
300 ## - PHYSICAL DESCRIPTION
Extent 30 unnumbered pages :
Other physical details illustrations
Dimensions 23 cm
500 ## - GENERAL NOTE
General note "Based on the Scholastic book series 'Clifford the big red dog' by Norman Bridwell."
505 ## - FORMATTED CONTENTS NOTE
Formatted contents note J<br/>
520 ## - SUMMARY, ETC.
Summary, etc. Clifford wants to decorate the biggest Easter egg and so he uses an ostrich egg.
521 0# - TARGET AUDIENCE NOTE
Target audience note 490 <br/>
Source Lexile<br/>
521 1# - TARGET AUDIENCE NOTE
Target audience note J<br/>
Source Raz-Plus<br/>
650 #0 - SUBJECT ADDED ENTRY--TOPICAL TERM
Topical term or geographic name entry element Clifford (Fictitious character : Bridwell)
Form subdivision Juvenile fiction.
650 #0 - SUBJECT ADDED ENTRY--TOPICAL TERM
Topical term or geographic name entry element Easter eggs
Form subdivision Juvenile fiction.
650 #0 - SUBJECT ADDED ENTRY--TOPICAL TERM
Topical term or geographic name entry element Dogs
Form subdivision Juvenile fiction.
650 #1 - SUBJECT ADDED ENTRY--TOPICAL TERM
Topical term or geographic name entry element Clifford (Fictitious character : Bridwell)
Form subdivision Fiction.
650 #1 - SUBJECT ADDED ENTRY--TOPICAL TERM
Topical term or geographic name entry element Easter eggs
Form subdivision Fiction.
650 #1 - SUBJECT ADDED ENTRY--TOPICAL TERM
Topical term or geographic name entry element Dogs
Form subdivision Fiction.
700 1# - ADDED ENTRY--PERSONAL NAME
Personal name The Artifact Group
Relator term Illustrators
906 ## - LOCAL DATA ELEMENT F, LDF (RLIN)
a 7
b cbc
c copycat
d 2
e ncip
f 20
g y-gencatlg
942 ## - ADDED ENTRY ELEMENTS (KOHA)
Source of classification or shelving scheme Dewey Decimal Classification
Koha item type Books
Suppress in OPAC No
999 ## -
-- 2340
-- 2340
Holdings
Withdrawn status Lost status Source of classification or shelving scheme Damaged status Not for loan Collection Home library Current library Shelving location Date acquired Total Checkouts Full call number Barcode Date last seen Date last checked out Copy number Price effective from Koha item type
    Dewey Decimal Classification     Juvenile Fiction Footprints International School Library Network Toul Kork Campus Footprints International School Library Network Toul Kork Campus TK Primary Library Room(4th Floor), Bookcase 1&2, Shelves 1-16, Dark Blue Books 11/17/2023 3 SAN 533 MLCM 2006/43435 FISTK03865 04/01/2026 03/25/2026 1 11/17/2023 Books
    Dewey Decimal Classification     Juvenile Fiction Footprints International School Library Network Toul Tom Poung Campus Footprints International School Library Network Toul Tom Poung Campus TTP Primary Dark Blue Bookshelves 07/31/2025   SAN 533 MLCM 2006/43435 FIS03165 07/31/2025   2 07/31/2025 Books